000 00271nam a22001217a 4500
003 SGT
082 _a823
_bMUN
100 _aMUNRO ALICE
245 _aSOMETHING I'VE BEEN MEANING TO TELL YOU
260 _aLONDON
_bVINTAGE PUB
_c2014
300 _a289
942 _2ddc
_cBK
999 _c34005
_d34005